000 00310nam a22001097a 4500
008 230731b xxu||||| |||| 00| 0 eng d
082 _a362.1
_bWHO 2004
245 _aWorld Report on Knowledge for Better Health
_bStrengthening Health Systems
260 _aGeneva
_bWHO
_c2004
300 _aXV,146p
942 _2ddc
_cBK
999 _c4026
_d4026